000 006430000a22002170004500
003 LK-CoMWRAF
005 20230902104622.0
008 230817t1994 ||||| |||| 00| 0 eng d
020 _a8185107750
040 _aLK-CoMWRAF
_dLK-CoMWRAF
_eLK-CoMWRAF
041 _aeng
082 _a305.42
_bKAB
100 _aKabeer, Naila
245 _aReversed Realities:
_bGender Hierarchies in Development Thought
260 _aNew Delhi:
_bKali for Women,
_c1994
300 _axix, 346 p. : ill. ; 24 cm.
_bBibliography and index included
650 _aWOMEN IN DEVELOPMENT
650 _aFeminist theory.
650 _aPopulation policy.
942 _cBK
999 _c191
_d191